Регионална библиотека "Любен Каравелов" - Русе

И ще открия земя... (Запис номер 156932)

MARC детайли
000 -Лидер
Контролно поле с фиксирана дължина 01707nam a2200373 c 4500
003 - Код на организацията, давaща контролен номер
Контролно поле BLK
005 - Дата и час на последна редакция
Контролно поле 20240824005346.0
008 - Елементи от данни с фиксирана дължина
fixed length control field 180410b bul|||||r ||||||| ||bul||
010 ## - Наследен системен номер
LC control number KNG00163780000
040 ## - Източник на каталожния запис
Идентификатор на билиотеката - собственик на записа BLK
041 ## - Код за език
Код за езика на текст/звукозапис или на отделно заглавие Български
Код за езика КДБФ Български
080 ## - УДК
Текстов определител УДК Музиканти-творци, композитори
УДК код - определител по УДК 78.071.1
УДК определител (470)(092)
УДК - код + определител 78.071.1(470)(092)
080 ## - УДК
Текстов определител УДК Руски композитор
УДК код - определител по УДК 929 Глинка, Михаил Иванович
УДК определител
УДК - код + определител 929 Глинка, Михаил Иванович
100 1# - Редна дума - Автор
Автор Колосова, Н.
Авторска отговорност първи автор
R(LIN) 81601
139 ## - Редно поле
Редна дума Колосова, Н.
Авторски знак Гли - Г 55
245 10 - Сведения за заглавието
Заглавие И ще открия земя...
Подзаглавни данни Лит. композиция за Михаил Глинка
Редно поле (дума) Н. Колосова; прев. от рус. Венцислав Величков.
257 ## - Страна на издаване
Страна на създаване/издаване Русия
260 ## - Област на издателските данни
-- София
Име на издателя, разпространителя и проч. Музика
Година на издаване 1980
Печатница Ямбол : Г. Димитров
300 ## - Физическа характеристика
Страници 164 с.
Размери/Мащаб 17 см
380 ## - Жанр
Жанр Изкуство
500 ## - Общи забележки
Забележка Ориг. загл. И я открою землю.. . - 5 569 тир. - Именен показалец.
600 #0 - Име на лице, използвано като предмет
За него / За нея Глинка, Михаил Иванович
9 (RLIN) 367626
650 #4 - Допълнително описание по предмет – тема
Основно описание – тема или топоним Композитори, руски
9 (RLIN) 267007
653 ## - Ключова дума – ненормативна
Ключова дума биографии
653 ## - Ключова дума – ненормативна
Ключова дума композитори
653 ## - Ключова дума – ненормативна
Ключова дума руски композитори
700 1# - Други автори (авторска отговорност)
Лично име Величков, Венцислав
Автороска отговорност (Описва отношението между автора и произведението) прев. от рус.
9 (RLIN) 284092
852 ## - Местоположение
Форматна сигнатура Цб І 18278
856 4# - Електронен адрес и достъп
Електронен формат pdf - файл
Път до файла /url/
856 4# - Електронен адрес и достъп
Електронен формат pdf - файл
Път до файла /url/
942 ## - АРТИКУЛИ
Вид на библиотечния материал Книги
Скрит в OPAC Не
944 ## - СЪЗДАВАНЕ И РЕДАКЦИЯ на ЗАПИСА
Създаване/Редакция Създаване
Дата на регистрацията/редакция 25.07.2014
Статус, дата на статуса CRON CRON
Служител, извършил регистрацията/редакцията
944 ## - СЪЗДАВАНЕ И РЕДАКЦИЯ на ЗАПИСА
Създаване/Редакция Редакция
Дата на регистрацията/редакция 06.04.2017
Статус, дата на статуса 25.07.2014 - от С1,Р / 25.07.2014
Служител, извършил регистрацията/редакцията Ирена_Линкова
999 ## - СИСТЕМНИ КОНТРОЛНИ НОМЕРА
Koha biblionumber 156932
Koha biblioitemnumber 156932
Наличности
Код за отписване Код за изгубен артикул Източник на класификационната схема Код за повреда Коз за рестрикции Код за отдаване Артикулен № Име на библиотеката - собственик Име на библиотеката, в която се намира в момента Статус (Текущо местоположение) Дата на вписване в системата Местоположение - отдел Цена в лева Инвентарен номер Систематично азбучна сигнатура Баркод Номер на екземпляра Цена в евро Служебна бележка Служебен тип на артикула
Изтеглен Не е изгубен Universal Decimal Classification Не е повреден без рестрикции заемане за дома 262809 Регионална библиотека "Любен Каравелов" Русе Регионална библиотека "Любен Каравелов" Русе Отдел Изкуство - подръчен фонд 1980-01-01 Отдел Изкуство - подръчен фонд 2.00 310747 78.071.1(092)/Г 55 310747 1 1.02 Дост: DA Вид: А N: сф Дата: 01.01.1980 Дата инв: 03.04.2017 Бележки инв: ИП2017 Книги
Изтеглен Не е изгубен Universal Decimal Classification Не е повреден без рестрикции заемане за дома 262810 Регионална библиотека "Любен Каравелов" Русе Регионална библиотека "Любен Каравелов" Русе Отчислена 1980-01-01 Отдел Изкуство - подръчен фонд 0.76 310746 78.071.1(092)/Г 55 310746 2 0.39 Дост: Pk Вид: Ф N: сф Дата: 01.01.1980 Книги
  Не е изгубен Universal Decimal Classification Не е повреден само за читалня ползва се в читалня 262811 Регионална библиотека "Любен Каравелов" Русе Регионална библиотека "Любен Каравелов" Русе Хранилище 1980-01-01 Основен фонд - ползва се само за читалня 0.76 310110 Цб І 18278 120000310110 3 0.39 Дост: Pk Вид: Ф N: сф Дата: 01.01.1980 Книги
Изтеглен Не е изгубен Universal Decimal Classification Не е повреден без рестрикции заемане за дома 262812 Регионална библиотека "Любен Каравелов" Русе Регионална библиотека "Любен Каравелов" Русе Отдел Изкуство - подръчен фонд 1980-01-01 Отдел Изкуство - подръчен фонд 0.76 310748 78.071.1(092)/Г 55 310748 4 0.39 Дост: Pk Вид: Ф N: сф Дата: 01.01.1980 Дата инв: 06.04.2017 Бележки инв: ИП2017 Книги
Vip Innovations Ltd, Rousse, Bulgaria 2025